Score 0/9 Timer 04:00
0 Plays Today
% Correct
D1:
Frasier
95.5%
C6:
Superstore
92.1%
I9:
Two and
a Half Men
89.9%
H8:
Everybody Loves
Raymond
88.8%
B3:
Black-ish
86.5%
F7:
The Nanny
86.5%
G4:
Peep Show
83.1%
A5:
Schitt's Creek
79.8%
E2:
The Good Place
78.7%
Remove Ads.
Support Sporcle.
Get the best of Sporcle when you Go Orange. This ad-free experience offers more features, more stats, and more fun while also helping to support Sporcle. Thank you for becoming a member.

You're not logged in!

Compare scores with friends on all Sporcle quizzes.
OR
Log In

Show Comments

Extras

Top Quizzes Today


Score Distribution

Your Account Isn't Verified!

In order to create a playlist on Sporcle, you need to verify the email address you used during registration. Go to your Sporcle Settings to finish the process.

Report this User

Report this user for behavior that violates our Community Guidelines.

Details: